| 000 | 00384nam a22001337a 4500 | ||
|---|---|---|---|
| 999 |
_c19471 _d19471 |
||
| 008 | 240301b ||||| |||| 00| 0 eng d | ||
| 020 | _a9781984821546 | ||
| 082 |
_aDFic _bSt321 2022 |
||
| 100 |
_aSteel, Danielle. _941707 |
||
| 245 |
_aThe butler / _cDanielle Steel. |
||
| 260 |
_aUnited States : _bDell, _c©2022. |
||
| 300 |
_a308 pages : _billustrations ; _c17 cm. |
||
| 942 |
_2ddc _cDFIC |
||